[Event "Benidorm Satellite preliminary"]
[Site "playchess.com #007036"]
[Date "2009.10.24"]
[Round "3"]
[White "Bystrc2010"]
[Black "Z3ro89"]
[Result "0-1"]
[WhiteElo "1783"]
[BlackElo "2207"]
[PlyCount "132"]
[EventDate "2009.10.24"]
[EventType "swiss (blitz)"]

1. e4 {[%emt 0:00:01]} c5 {[%emt 0:00:01]} 2. Nf3 {[%emt 0:00:02]} d6 {[%emt 0:
00:01]} 3. d4 {[%emt 0:00:01]} cxd4 {[%emt 0:00:00]} 4. Nxd4 {[%emt 0:00:01]}
Nf6 {[%emt 0:00:00]} 5. Nc3 {[%emt 0:00:01]} Nc6 {[%emt 0:00:01]} 6. Be2 {
[%emt 0:00:02]} g6 {[%emt 0:00:01]} 7. Be3 {[%emt 0:00:02] Z3ro89 reconnected.}
Bg7 {[%emt 0:00:04]} 8. O-O {[%emt 0:00:08]} O-O {[%emt 0:00:05]} 9. Nb3 {
[%emt 0:00:04]} a5 {[%emt 0:00:02]} 10. a4 {[%emt 0:00:01]} Be6 {[%emt 0:00:02]
} 11. f4 {[%emt 0:00:05]} Rc8 {[%emt 0:00:10]} 12. Kh1 {[%emt 0:00:07]} Nb4 {
[%emt 0:00:03]} 13. Bf3 {[%emt 0:00:10]} Nd7 {[%emt 0:00:07]} 14. Nd4 {[%emt 0:
00:12]} Nc5 {[%emt 0:00:06]} 15. Nxe6 {[%emt 0:00:05]} Nxe6 {[%emt 0:00:01]}
16. f5 {[%emt 0:00:19]} Nc5 {[%emt 0:00:04]} 17. Rf2 {[%emt 0:00:17]} b6 {
[%emt 0:00:03]} 18. Bd4 {[%emt 0:00:09]} Nc6 {[%emt 0:00:03]} 19. Bxg7 {[%emt
0:00:02]} Kxg7 {[%emt 0:00:00]} 20. Bg4 {[%emt 0:00:13]} f6 {[%emt 0:00:11]}
21. fxg6 {[%emt 0:00:06]} hxg6 {[%emt 0:00:04]} 22. Bxc8 {[%emt 0:00:01]} Qxc8
{[%emt 0:00:01]} 23. Qf3 {[%emt 0:00:08]} Ne5 {[%emt 0:00:03]} 24. Qg3 {[%emt
0:00:05]} Rh8 {[%emt 0:00:05]} 25. Re1 {[%emt 0:00:05]} Ng4 {[%emt 0:00:04]}
26. h3 {[%emt 0:00:18]} Nxf2+ {[%emt 0:00:02]} 27. Qxf2 {[%emt 0:00:01]} Ne6 {
[%emt 0:00:08]} 28. Nd5 {[%emt 0:00:06]} Qb7 {[%emt 0:00:01]} 29. c3 {[%emt 0:
00:05]} Re8 {[%emt 0:00:02]} 30. Qxb6 {[%emt 0:00:02]} Qxb6 {[%emt 0:00:02]}
31. Nxb6 {[%emt 0:00:01]} Rb8 {[%emt 0:00:01]} 32. Nc4 {[%emt 0:00:02]} Nc5 {
[%emt 0:00:04]} 33. Nxa5 {[%emt 0:00:10]} Nxa4 {[%emt 0:00:12]} 34. Nc6 {[%emt
0:00:06]} Rb7 {[%emt 0:00:04]} 35. b4 {[%emt 0:00:08]} Nxc3 {[%emt 0:00:02]}
36. Kh2 {[%emt 0:00:06]} Kf7 {[%emt 0:00:01]} 37. Re3 {[%emt 0:00:04]} Nb5 {
[%emt 0:00:03]} 38. Rd3 {[%emt 0:00:07]} Rb6 {[%emt 0:00:01]} 39. Nd4 {[%emt 0:
00:03]} Nxd4 {[%emt 0:00:03]} 40. Rxd4 {[%emt 0:00:01]} Ke6 {[%emt 0:00:00]}
41. Kg3 {[%emt 0:00:02]} Ke5 {[%emt 0:00:01]} 42. Rc4 {[%emt 0:00:01]} e6 {
[%emt 0:00:01]} 43. Kf3 {[%emt 0:00:02]} d5 {[%emt 0:00:06]} 44. exd5 {[%emt 0:
00:01]} exd5 {[%emt 0:00:01]} 45. Rg4 {[%emt 0:00:02]} g5 {[%emt 0:00:04]} 46.
h4 {[%emt 0:00:01]} gxh4 {[%emt 0:00:04]} 47. Rxh4 {[%emt 0:00:01]} Rc6 {[%emt
0:00:06]} 48. Rh5+ {[%emt 0:00:02]} f5 {[%emt 0:00:01]} 49. g3 {[%emt 0:00:05]}
Rc3+ {[%emt 0:00:02]} 50. Kf2 {[%emt 0:00:01]} Rb3 {[%emt 0:00:06]} 51. Rh4 {
[%emt 0:00:01]} d4 {[%emt 0:00:05]} 52. Rh8 {[%emt 0:00:08]} Rxb4 {[%emt 0:00:
01]} 53. Re8+ {[%emt 0:00:00]} Kf6 {[%emt 0:00:03]} 54. Rf8+ {[%emt 0:00:01]}
Ke5 {[%emt 0:00:02]} 55. Re8+ {[%emt 0:00:01]} Kd5 {[%emt 0:00:01]} 56. Rd8+ {
[%emt 0:00:01]} Ke4 {[%emt 0:00:01]} 57. Re8+ {[%emt 0:00:01]} Kd3 {[%emt 0:00:
01]} 58. Rf8 {[%emt 0:00:05]} Rb5 {[%emt 0:00:05]} 59. Rd8 {[%emt 0:00:11]} Kc3
{[%emt 0:00:03]} 60. Rc8+ {[%emt 0:00:02]} Kd2 {[%emt 0:00:05]} 61. Re8 {[%emt
0:00:06]} d3 {[%emt 0:00:01]} 62. Ra8 {[%emt 0:00:05]} Kc2 {[%emt 0:00:03]} 63.
Ra2+ {[%emt 0:00:02]} Kc3 {[%emt 0:00:04]} 64. Ra3+ {[%emt 0:00:02]} Rb3 {
[%emt 0:00:01]} 65. Rxb3+ {[%emt 0:00:03]} Kxb3 {[%emt 0:00:01]} 66. Ke1 {
[%emt 0:00:04]} Kc2 {[%emt 0:00:01] Bystrc2010 gibt auf} 0-1

[Event "Benidorm Satellite preliminary"]
[Site "playchess.com #007036"]
[Date "2009.10.24"]
[Round "4"]
[White "Kampfgeist"]
[Black "Roi folichon"]
[Result "1-0"]
[WhiteElo "1314"]
[BlackElo "1597"]
[PlyCount "21"]
[EventDate "2009.10.24"]
[EventType "swiss (blitz)"]

1. e4 {[%emt 0:00:01]} e5 {[%emt 0:00:01]} 2. Nf3 {[%emt 0:00:01]} Nc6 {[%emt
0:00:01]} 3. Bc4 {[%emt 0:00:01]} h6 {[%emt 0:00:03]} 4. d4 {[%emt 0:00:03]}
exd4 {[%emt 0:00:02]} 5. Nxd4 {[%emt 0:00:02]} Nxd4 {[%emt 0:00:05]} 6. Qxd4 {
[%emt 0:00:02]} Qf6 {[%emt 0:00:01]} 7. e5 {[%emt 0:00:03]} Qb6 {[%emt 0:00:01]
} 8. Qf4 {[%emt 0:00:07]} f6 {[%emt 0:00:10]} 9. Qf3 {[%emt 0:00:24]} Be7 {
[%emt 0:00:13]} 10. Qh5+ {[%emt 0:00:04]} Kf8 {[%emt 0:00:06]} 11. Qf7# {[%emt
0:00:02] (Lag: Av=0.51s, max=0.7s)} 1-0

[Event "Benidorm Satellite preliminary"]
[Site "playchess.com #007036"]
[Date "2009.10.24"]
[Round "4"]
[White "Knetterbernd"]
[Black "MONFMA0214"]
[Result "1-0"]
[WhiteElo "2223"]
[BlackElo "1670"]
[PlyCount "25"]
[EventDate "2009.10.24"]
[EventType "swiss (blitz)"]

1. e4 {[%emt 0:00:00]} e6 {[%emt 0:00:02]} 2. d4 {[%emt 0:00:01]} d5 {[%emt 0:
00:01]} 3. Nc3 {[%emt 0:00:00]} Bb4 {[%emt 0:00:02]} 4. e5 {[%emt 0:00:01]} c5
{[%emt 0:00:02]} 5. a3 {[%emt 0:00:01]} cxd4 {[%emt 0:00:01]} 6. axb4 {[%emt 0:
00:02]} dxc3 {[%emt 0:00:01]} 7. Bd3 {[%emt 0:00:02]} Qc7 {[%emt 0:00:03]} 8.
Nf3 {[%emt 0:00:02]} Nc6 {[%emt 0:00:03]} 9. O-O {[%emt 0:00:20]} Nxe5 {[%emt
0:00:06]} 10. Bf4 {[%emt 0:00:03]} Nxf3+ {[%emt 0:00:08]} 11. Qxf3 {[%emt 0:00:
02]} Qc6 {[%emt 0:00:16]} 12. bxc3 {[%emt 0:00:04]} Qxc3 {[%emt 0:00:02]} 13.
Bb5+ {[%emt 0:00:02] MONFMA0214 rinde} 1-0

[Event "Benidorm Satellite preliminary"]
[Site "playchess.com #007036"]
[Date "2009.10.24"]
[Round "4"]
[White "KVR"]
[Black "Munchie the 5th"]
[Result "1-0"]
[WhiteElo "2532"]
[BlackElo "1619"]
[PlyCount "25"]
[EventDate "2009.10.24"]
[EventType "swiss (blitz)"]

1. e4 {[%emt 0:00:01]} e5 {[%emt 0:00:01]} 2. Nf3 {[%emt 0:00:02]} Nc6 {[%emt
0:00:01]} 3. Bc4 {[%emt 0:00:02]} Be7 {[%emt 0:00:05]} 4. O-O {[%emt 0:00:02]}
Nf6 {[%emt 0:00:01]} 5. d4 {[%emt 0:00:01]} exd4 {[%emt 0:00:01]} 6. e5 {[%emt
0:00:01]} Ne4 {[%emt 0:00:06]} 7. Re1 {[%emt 0:00:05]} Nc5 {[%emt 0:00:02]} 8.
Nxd4 {[%emt 0:00:05]} O-O {[%emt 0:00:08]} 9. Nf5 {[%emt 0:00:02]} Bg5 {[%emt
0:00:07]} 10. Qg4 {[%emt 0:00:04]} d6 {[%emt 0:00:20]} 11. Bxg5 {[%emt 0:00:04]
} Qe8 {[%emt 0:00:09]} 12. Bf6 {[%emt 0:00:11]} g6 {[%emt 0:00:08]} 13. Nh6# {
[%emt 0:00:03]} 1-0

[Event "Benidorm Satellite preliminary"]
[Site "playchess.com #007036"]
[Date "2009.10.24"]
[Round "4"]
[White "Chessir"]
[Black "Jolan"]
[Result "1-0"]
[WhiteElo "1968"]
[BlackElo "1717"]
[PlyCount "33"]
[EventDate "2009.10.24"]
[EventType "swiss (blitz)"]

1. e4 {[%emt 0:00:01]} e5 {[%emt 0:00:03]} 2. Nf3 {[%emt 0:00:01]} Nc6 {[%emt
0:00:03]} 3. Bb5 {[%emt 0:00:02]} a6 {[%emt 0:00:02]} 4. Ba4 {[%emt 0:00:01]}
b5 {[%emt 0:00:00]} 5. Bb3 {[%emt 0:00:01]} Nf6 {[%emt 0:00:04]} 6. O-O {[%emt
0:00:02]} d5 {[%emt 0:00:10]} 7. exd5 {[%emt 0:00:03]} Nxd5 {[%emt 0:00:01]} 8.
Nxe5 {[%emt 0:00:29]} Nxe5 {[%emt 0:00:05]} 9. Re1 {[%emt 0:00:01]} Be7 {[%emt
0:00:01]} 10. Rxe5 {[%emt 0:00:03]} c6 {[%emt 0:00:06]} 11. Qe2 {[%emt 0:00:07]
} Be6 {[%emt 0:00:02]} 12. Nc3 {[%emt 0:00:13]} Nxc3 {[%emt 0:00:05]} 13. dxc3
{[%emt 0:00:03]} Bxb3 {[%emt 0:00:05]} 14. axb3 {[%emt 0:00:02]} Qd7 {[%emt 0:
00:08]} 15. Bf4 {[%emt 0:00:16]} Rd8 {[%emt 0:00:03]} 16. Re1 {[%emt 0:00:02]}
Qd3 {[%emt 0:00:16]} 17. Rxe7+ {[%emt 0:00:02]} 1-0

[Event "Benidorm Satellite preliminary"]
[Site "playchess.com #007036"]
[Date "2009.10.24"]
[Round "4"]
[White "Wethalon"]
[Black "Lagano"]
[Result "1-0"]
[WhiteElo "2440"]
[BlackElo "1993"]
[PlyCount "33"]
[EventDate "2009.10.24"]
[EventType "swiss (blitz)"]

1. e4 {[%emt 0:00:01]} e6 {[%emt 0:00:01]} 2. Nc3 {[%emt 0:00:02]} d5 {[%emt 0:
00:01]} 3. e5 {[%emt 0:00:00]} c5 {[%emt 0:00:02]} 4. f4 {[%emt 0:00:01]} Nc6 {
[%emt 0:00:05]} 5. Nf3 {[%emt 0:00:01]} Nge7 {[%emt 0:00:03]} 6. g3 {[%emt 0:
00:03]} Nf5 {[%emt 0:00:02]} 7. Bg2 {[%emt 0:00:02]} Be7 {[%emt 0:00:02]} 8. d3
{[%emt 0:00:02]} O-O {[%emt 0:00:02]} 9. O-O {[%emt 0:00:01]} f6 {[%emt 0:00:
11]} 10. g4 {[%emt 0:00:15]} Nh6 {[%emt 0:00:04]} 11. exf6 {[%emt 0:00:04]}
gxf6 {[%emt 0:00:05]} 12. h3 {[%emt 0:00:03]} Nf7 {[%emt 0:00:03]} 13. Nh4 {
[%emt 0:00:10]} f5 {[%emt 0:00:14]} 14. g5 {[%emt 0:00:04]} Kh8 {[%emt 0:00:06]
} 15. Qh5 {[%emt 0:00:06]} Rg8 {[%emt 0:00:21]} 16. Qxf7 {[%emt 0:00:05]} Bxg5
{[%emt 0:00:05]} 17. fxg5 {[%emt 0:00:03] Lagano resigns} 1-0

[Event "Benidorm Satellite preliminary"]
[Site "playchess.com #007036"]
[Date "2009.10.24"]
[Round "4"]
[White "Nußhardt"]
[Black "Jan der U"]
[Result "1-0"]
[WhiteElo "1681"]
[BlackElo "2033"]
[PlyCount "47"]
[EventDate "2009.10.24"]
[EventType "swiss (blitz)"]

1. d4 {[%emt 0:00:05]} Nf6 {[%emt 0:00:02]} 2. e4 {[%emt 0:00:02]} Nxe4 {[%emt
0:00:02]} 3. f3 {[%emt 0:00:02]} Nf6 {[%emt 0:00:01]} 4. Bd3 {[%emt 0:00:01]}
g6 {[%emt 0:00:01]} 5. Be3 {[%emt 0:00:02]} Bg7 {[%emt 0:00:01]} 6. Qd2 {[%emt
0:00:01]} d5 {[%emt 0:00:03]} 7. Bh6 {[%emt 0:00:02]} O-O {[%emt 0:00:04]} 8.
Bxg7 {[%emt 0:00:02]} Kxg7 {[%emt 0:00:00]} 9. Ne2 {[%emt 0:00:02]} c5 {[%emt
0:00:03]} 10. c3 {[%emt 0:00:02]} cxd4 {[%emt 0:00:02]} 11. cxd4 {[%emt 0:00:
02]} Nc6 {[%emt 0:00:01]} 12. Nbc3 {[%emt 0:00:03]} Qb6 {[%emt 0:00:03]} 13.
Bb1 {[%emt 0:00:04]} Bd7 {[%emt 0:00:14]} 14. f4 {[%emt 0:00:03]} Bg4 {[%emt 0:
00:08]} 15. O-O {[%emt 0:00:04]} Bxe2 {[%emt 0:00:02]} 16. Nxe2 {[%emt 0:00:05]
} Rad8 {[%emt 0:00:05]} 17. f5 {[%emt 0:00:03]} Ne4 {[%emt 0:00:05]} 18. Bxe4 {
[%emt 0:00:04]} dxe4 {[%emt 0:00:02]} 19. Rad1 {[%emt 0:00:05]} Rd5 {[%emt 0:
00:04]} 20. fxg6 {[%emt 0:00:03]} hxg6 {[%emt 0:00:04]} 21. Qf4 {[%emt 0:00:06]
} Nxd4 {[%emt 0:00:07]} 22. Nxd4 {[%emt 0:00:06]} e5 {[%emt 0:00:10]} 23. Qxe4
{[%emt 0:00:04]} exd4 {[%emt 0:00:05]} 24. Qxd5 {[%emt 0:00:04] Jan der U gibt
auf} 1-0

[Event "Benidorm Satellite preliminary"]
[Site "playchess.com #007036"]
[Date "2009.10.24"]
[Round "4"]
[White "PabloSandoval"]
[Black "Hatimati"]
[Result "0-1"]
[WhiteElo "2077"]
[BlackElo "2470"]
[PlyCount "46"]
[EventDate "2009.10.24"]
[EventType "swiss (blitz)"]

1. e4 {[%emt 0:00:05]} c5 {[%emt 0:00:01]} 2. Nf3 {[%emt 0:00:02]} d6 {[%emt 0:
00:01]} 3. d4 {[%emt 0:00:03]} cxd4 {[%emt 0:00:00]} 4. Nxd4 {[%emt 0:00:01]}
Nf6 {[%emt 0:00:00]} 5. Nc3 {[%emt 0:00:01]} Qc7 {[%emt 0:00:00]} 6. Be3 {
[%emt 0:00:01]} Nbd7 {[%emt 0:00:03]} 7. Qd2 {[%emt 0:00:01]} a6 {[%emt 0:00:
04]} 8. f3 {[%emt 0:00:01]} g6 {[%emt 0:00:01]} 9. O-O-O {[%emt 0:00:06]} b5 {
[%emt 0:00:02]} 10. g4 {[%emt 0:00:01]} h6 {[%emt 0:00:02]} 11. Kb1 {[%emt 0:
00:01]} Bb7 {[%emt 0:00:02]} 12. h4 {[%emt 0:00:03]} Nc5 {[%emt 0:00:02]} 13.
Nb3 {[%emt 0:00:13]} Na4 {[%emt 0:00:05]} 14. Nxa4 {[%emt 0:00:04]} bxa4 {
[%emt 0:00:01]} 15. Na5 {[%emt 0:00:02]} Bg7 {[%emt 0:00:04]} 16. Bd3 {[%emt 0:
00:24]} Rb8 {[%emt 0:00:06]} 17. Nc4 {[%emt 0:00:08]} h5 {[%emt 0:00:21]} 18.
g5 {[%emt 0:00:02]} Nd7 {[%emt 0:00:01]} 19. f4 {[%emt 0:00:05]} Nc5 {[%emt 0:
00:03]} 20. b3 {[%emt 0:00:13]} axb3 {[%emt 0:00:04]} 21. cxb3 {[%emt 0:00:01]}
Nxe4 {[%emt 0:00:05]} 22. Bxe4 {[%emt 0:00:15]} Bxe4+ {[%emt 0:00:00]} 23. Kc1
{[%emt 0:00:01]} Qxc4+ {[%emt 0:00:02] PabloSandoval rinde} 0-1

[Event "Benidorm Satellite preliminary"]
[Site "playchess.com #007036"]
[Date "2009.10.24"]
[Round "4"]
[White "Juckel"]
[Black "theentomologist"]
[Result "1-0"]
[WhiteElo "1521"]
[BlackElo "1265"]
[PlyCount "35"]
[EventDate "2009.10.24"]
[EventType "swiss (blitz)"]

1. e4 {[%emt 0:00:03]} d5 {[%emt 0:00:03]} 2. exd5 {[%emt 0:00:02]} Nf6 {[%emt
0:00:01]} 3. Nc3 {[%emt 0:00:01]} Nxd5 {[%emt 0:00:04]} 4. d4 {[%emt 0:00:02]}
Nc6 {[%emt 0:00:11]} 5. Bb5 {[%emt 0:00:02]} Bd7 {[%emt 0:00:09]} 6. Nxd5 {
[%emt 0:00:03]} e6 {[%emt 0:00:03]} 7. Nc3 {[%emt 0:00:06]} Bb4 {[%emt 0:00:02]
} 8. Nge2 {[%emt 0:00:03]} O-O {[%emt 0:00:02]} 9. Be3 {[%emt 0:00:03]} a6 {
[%emt 0:00:01]} 10. Ba4 {[%emt 0:00:05]} b5 {[%emt 0:00:02]} 11. Bb3 {[%emt 0:
00:01]} Re8 {[%emt 0:00:06]} 12. O-O {[%emt 0:00:01]} e5 {[%emt 0:00:03]} 13.
f3 {[%emt 0:00:06]} Bf5 {[%emt 0:00:12]} 14. d5 {[%emt 0:00:14]} Na5 {[%emt 0:
00:05]} 15. Ng3 {[%emt 0:00:23]} Bg6 {[%emt 0:00:04]} 16. Bf2 {[%emt 0:00:14]}
Qg5 {[%emt 0:00:10]} 17. Nce4 {[%emt 0:00:11]} Nb7 {[%emt 0:00:18]} 18. Nxg5 {
[%emt 0:00:11] theentomologist resigns} 1-0

[Event "Benidorm Satellite preliminary"]
[Site "playchess.com #007036"]
[Date "2009.10.24"]
[Round "4"]
[White "Marx"]
[Black "Alexrules01"]
[Result "0-1"]
[WhiteElo "1287"]
[BlackElo "1593"]
[PlyCount "33"]
[EventDate "2009.10.24"]
[EventType "swiss (blitz)"]

1. e4 {[%emt 0:00:02]} c5 {[%emt 0:00:01]} 2. Nf3 {[%emt 0:00:01]} Nc6 {[%emt
0:00:01]} 3. d4 {[%emt 0:00:03]} cxd4 {[%emt 0:00:01]} 4. Nxd4 {[%emt 0:00:01]}
Nf6 {[%emt 0:00:00]} 5. Nxc6 {[%emt 0:00:02]} bxc6 {[%emt 0:00:01]} 6. e5 {
[%emt 0:00:01]} Nd5 {[%emt 0:00:01]} 7. c4 {[%emt 0:00:01]} Nb6 {[%emt 0:00:06]
} 8. Be2 {[%emt 0:00:05]} Ba6 {[%emt 0:00:01]} 9. Qc2 {[%emt 0:00:12]} g6 {
[%emt 0:00:03]} 10. O-O {[%emt 0:00:05]} Bg7 {[%emt 0:00:01]} 11. c5 {[%emt 0:
00:42]} Bxe2 {[%emt 0:00:04]} 12. Qxe2 {[%emt 0:00:02]} Nd5 {[%emt 0:00:07]}
13. Bd2 {[%emt 0:00:17]} Qc7 {[%emt 0:00:15]} 14. f4 {[%emt 0:00:48]} Rb8 {
[%emt 0:00:10]} 15. Nc3 {[%emt 0:00:15]} Rxb2 {[%emt 0:00:07]} 16. Rab1 {[%emt
0:00:01]} Nxc3 {[%emt 0:00:02]} 17. Qd3 {[%emt 0:00:14] Marx resigns} 0-1

[Event "Benidorm Satellite preliminary"]
[Site "playchess.com #007036"]
[Date "2009.10.24"]
[Round "4"]
[White "Jason999"]
[Black "Bobby Short"]
[Result "1-0"]
[WhiteElo "1526"]
[BlackElo "1408"]
[PlyCount "55"]
[EventDate "2009.10.24"]
[EventType "swiss (blitz)"]

1. e4 {[%emt 0:00:01]} c5 {[%emt 0:00:02]} 2. Nc3 {[%emt 0:00:02]} d6 {[%emt 0:
00:01]} 3. g3 {[%emt 0:00:01]} Nc6 {[%emt 0:00:02]} 4. Bg2 {[%emt 0:00:01]} Bd7
{[%emt 0:00:00]} 5. d3 {[%emt 0:00:01]} Nf6 {[%emt 0:00:01]} 6. f4 {[%emt 0:00:
01]} e5 {[%emt 0:00:03]} 7. f5 {[%emt 0:00:01]} Be7 {[%emt 0:00:04]} 8. Nf3 {
[%emt 0:00:01]} O-O {[%emt 0:00:01]} 9. O-O {[%emt 0:00:02]} Nd4 {[%emt 0:00:
01]} 10. Nxd4 {[%emt 0:00:02]} cxd4 {[%emt 0:00:01]} 11. Ne2 {[%emt 0:00:01]}
Rb8 {[%emt 0:00:02]} 12. h3 {[%emt 0:00:01]} Bb5 {[%emt 0:00:05]} 13. g4 {
[%emt 0:00:03]} h5 {[%emt 0:00:04]} 14. g5 {[%emt 0:00:01]} Nd7 {[%emt 0:00:06]
} 15. h4 {[%emt 0:00:02]} Rc8 {[%emt 0:00:13]} 16. Ng3 {[%emt 0:00:03]} Nc5 {
[%emt 0:00:04]} 17. Nxh5 {[%emt 0:00:03]} Bc6 {[%emt 0:00:09]} 18. f6 {[%emt 0:
00:03]} g6 {[%emt 0:00:10]} 19. fxe7 {[%emt 0:00:01]} Qxe7 {[%emt 0:00:02]} 20.
Nf6+ {[%emt 0:00:01]} Kg7 {[%emt 0:00:03]} 21. h5 {[%emt 0:00:08]} Ne6 {[%emt
0:00:05]} 22. h6+ {[%emt 0:00:03]} Kh8 {[%emt 0:00:04]} 23. Qe1 {[%emt 0:00:10]
} d5 {[%emt 0:00:20]} 24. exd5 {[%emt 0:00:09]} e4 {[%emt 0:00:13]} 25. Bxe4 {
[%emt 0:00:07]} Bxd5 {[%emt 0:00:21]} 26. Bxd5 {[%emt 0:00:02]} Qd6 {[%emt 0:
00:09]} 27. Bxe6 {[%emt 0:00:07]} Qxe6 {[%emt 0:00:02]} 28. Qxe6 {[%emt 0:00:
02] Bobby Short gibt auf} 1-0

[Event "Benidorm Satellite preliminary"]
[Site "playchess.com #007036"]
[Date "2009.10.24"]
[Round "4"]
[White "ALFILH7"]
[Black "Henrik"]
[Result "0-1"]
[WhiteElo "1552"]
[BlackElo "1801"]
[PlyCount "46"]
[EventDate "2009.10.24"]
[EventType "swiss (blitz)"]

1. d4 {[%emt 0:00:02]} Nf6 {[%emt 0:00:02]} 2. Nf3 {[%emt 0:00:02]} g6 {[%emt
0:00:04]} 3. Bg5 {[%emt 0:00:03]} Bg7 {[%emt 0:00:01]} 4. Nbd2 {[%emt 0:00:03]}
O-O {[%emt 0:00:01]} 5. e4 {[%emt 0:00:05]} d6 {[%emt 0:00:02]} 6. Bxf6 {[%emt
0:00:01]} Bxf6 {[%emt 0:00:02]} 7. Bd3 {[%emt 0:00:01]} Bg7 {[%emt 0:00:04]} 8.
Qe2 {[%emt 0:00:03]} Nc6 {[%emt 0:00:02]} 9. c3 {[%emt 0:00:02]} e5 {[%emt 0:
00:02]} 10. d5 {[%emt 0:00:01]} Ne7 {[%emt 0:00:01]} 11. h3 {[%emt 0:00:01]} f5
{[%emt 0:00:05]} 12. exf5 {[%emt 0:00:02]} gxf5 {[%emt 0:00:00]} 13. Bc2 {
[%emt 0:00:06]} Ng6 {[%emt 0:00:15]} 14. O-O-O {[%emt 0:00:08]} a5 {[%emt 0:00:
11]} 15. h4 {[%emt 0:00:11]} Nf4 {[%emt 0:00:11]} 16. Qc4 {[%emt 0:00:05]} b5 {
[%emt 0:00:16]} 17. Qxb5 {[%emt 0:00:49]} Ba6 {[%emt 0:00:02]} 18. Qa4 {[%emt
0:00:02]} Qb8 {[%emt 0:00:19]} 19. g3 {[%emt 0:00:04]} Ne2+ {[%emt 0:00:02]}
20. Kb1 {[%emt 0:00:16]} Nxc3+ {[%emt 0:00:00]} 21. Ka1 {[%emt 0:00:04]} Nxa4 {
[%emt 0:00:01]} 22. Bxa4 {[%emt 0:00:01]} e4 {[%emt 0:00:04]} 23. Nb3 {[%emt 0:
00:06]} exf3 {[%emt 0:00:03] ALFILH7 rinde} 0-1

[Event "Benidorm Satellite preliminary"]
[Site "playchess.com #007036"]
[Date "2009.10.24"]
[Round "4"]
[White "Benitotj"]
[Black "MJFIAS"]
[Result "0-1"]
[WhiteElo "1402"]
[BlackElo "1665"]
[PlyCount "42"]
[EventDate "2009.10.24"]
[EventType "swiss (blitz)"]

1. e4 {[%emt 0:00:02]} e5 {[%emt 0:00:03]} 2. Nf3 {[%emt 0:00:01]} Nc6 {[%emt
0:00:01]} 3. Bc4 {[%emt 0:00:01]} Bc5 {[%emt 0:00:02]} 4. O-O {[%emt 0:00:02]}
Nf6 {[%emt 0:00:02]} 5. a3 {[%emt 0:00:02]} O-O {[%emt 0:00:02]} 6. b4 {[%emt
0:00:02]} Bb6 {[%emt 0:00:01]} 7. Nc3 {[%emt 0:00:09]} d6 {[%emt 0:00:03]} 8.
Nd5 {[%emt 0:00:07]} Nxe4 {[%emt 0:00:04]} 9. Nxb6 {[%emt 0:00:05]} axb6 {
[%emt 0:00:02]} 10. d4 {[%emt 0:00:17]} exd4 {[%emt 0:00:15]} 11. Nxd4 {[%emt
0:00:03]} Nxb4 {[%emt 0:00:02]} 12. Bb2 {[%emt 0:00:15]} d5 {[%emt 0:00:15]}
13. axb4 {[%emt 0:00:38]} Rxa1 {[%emt 0:00:04]} 14. Qxa1 {[%emt 0:00:11]} dxc4
{[%emt 0:00:01]} 15. Rd1 {[%emt 0:00:10]} Qh4 {[%emt 0:00:10]} 16. g3 {[%emt 0:
00:13]} Qh5 {[%emt 0:00:13]} 17. Re1 {[%emt 0:00:10]} c3 {[%emt 0:00:05]} 18.
Bxc3 {[%emt 0:00:03]} Nxc3 {[%emt 0:00:02]} 19. Qxc3 {[%emt 0:00:01]} Bh3 {
[%emt 0:00:08]} 20. Qxc7 {[%emt 0:00:06]} Qd5 {[%emt 0:00:02]} 21. Qf4 {[%emt
0:00:05]} Qg2# {[%emt 0:00:02]} 0-1

[Event "Benidorm Satellite preliminary"]
[Site "playchess.com #007036"]
[Date "2009.10.24"]
[Round "4"]
[White "Ozmarabagi"]
[Black "Zoschi"]
[Result "1-0"]
[WhiteElo "1934"]
[BlackElo "1640"]
[PlyCount "35"]
[EventDate "2009.10.24"]
[EventType "swiss (blitz)"]

1. d4 {[%emt 0:00:02]} d5 {[%emt 0:00:02]} 2. c4 {[%emt 0:00:01]} c6 {[%emt 0:
00:01]} 3. Nc3 {[%emt 0:00:01]} Nf6 {[%emt 0:00:01]} 4. Nf3 {[%emt 0:00:02]} e6
{[%emt 0:00:01]} 5. Bg5 {[%emt 0:00:01]} h6 {[%emt 0:00:01]} 6. Bh4 {[%emt 0:
00:01]} dxc4 {[%emt 0:00:01]} 7. e4 {[%emt 0:00:04]} g5 {[%emt 0:00:01]} 8. Bg3
{[%emt 0:00:01]} b5 {[%emt 0:00:00]} 9. Be2 {[%emt 0:00:03]} Bb7 {[%emt 0:00:
02]} 10. h4 {[%emt 0:00:01]} g4 {[%emt 0:00:03]} 11. Ne5 {[%emt 0:00:01]} Nbd7
{[%emt 0:00:11]} 12. Nxd7 {[%emt 0:00:35]} Nxd7 {[%emt 0:00:18]} 13. Bxg4 {
[%emt 0:00:07]} Rg8 {[%emt 0:00:14]} 14. O-O {[%emt 0:00:06]} Be7 {[%emt 0:00:
29]} 15. e5 {[%emt 0:00:11]} Bxh4 {[%emt 0:00:07]} 16. Ne4 {[%emt 0:00:08]}
Bxg3 {[%emt 0:00:47]} 17. Nd6+ {[%emt 0:00:03]} Kf8 {[%emt 0:00:09]} 18. fxg3 {
[%emt 0:00:02] Zoschi gibt auf} 1-0

[Event "Benidorm Satellite preliminary"]
[Site "playchess.com #007036"]
[Date "2009.10.24"]
[Round "4"]
[White "Lei"]
[Black "Paradoks10"]
[Result "0-1"]
[WhiteElo "1372"]
[BlackElo "1611"]
[PlyCount "42"]
[EventDate "2009.10.24"]
[EventType "swiss (blitz)"]

1. e4 {[%emt 0:00:02]} c5 {[%emt 0:00:08]} 2. Nf3 {[%emt 0:00:01]} d6 {[%emt 0:
00:03]} 3. c3 {[%emt 0:00:01]} Nf6 {[%emt 0:00:02]} 4. Qe2 {[%emt 0:00:03]} Nc6
{[%emt 0:00:03]} 5. d4 {[%emt 0:00:06]} cxd4 {[%emt 0:00:09]} 6. cxd4 {[%emt 0:
00:01]} Bg4 {[%emt 0:00:01]} 7. Be3 {[%emt 0:00:06]} Qa5+ {[%emt 0:00:12]} 8.
Nc3 {[%emt 0:00:04]} Nxe4 {[%emt 0:00:04]} 9. O-O-O {[%emt 0:00:04]} Nxc3 {
[%emt 0:00:12]} 10. bxc3 {[%emt 0:00:02]} Qxc3+ {[%emt 0:00:02]} 11. Qc2 {
[%emt 0:00:03]} Qxc2+ {[%emt 0:00:12]} 12. Kxc2 {[%emt 0:00:01]} Rc8 {[%emt 0:
00:02]} 13. Kd2 {[%emt 0:00:07]} Bxf3 {[%emt 0:00:05]} 14. gxf3 {[%emt 0:00:01]
} g6 {[%emt 0:00:01]} 15. d5 {[%emt 0:00:05]} Ne5 {[%emt 0:00:07]} 16. Ke2 {
[%emt 0:00:11]} Rc2+ {[%emt 0:00:04]} 17. Bd2 {[%emt 0:00:16]} Bh6 {[%emt 0:00:
06]} 18. f4 {[%emt 0:00:02]} Bxf4 {[%emt 0:00:03]} 19. Ke1 {[%emt 0:00:07]}
Nf3+ {[%emt 0:00:07]} 20. Ke2 {[%emt 0:00:07]} Nxd2 {[%emt 0:00:01]} 21. Rxd2 {
[%emt 0:00:01]} Rxd2+ {[%emt 0:00:03] Lei resigns  (Lag: Av=0.92s, max=1.6s)}
0-1